000 00957nam0a22002771 4500
001 rc\3200549
005 20250530101519.0
021 _aRU
_b[76-71708]
035 _a(NLR Aleph) 007354662
090 _a6245186
_c6245186
100 _a20120628d1976 |||y0rusy50 ca
101 0 _arus
102 _aRU
105 _aa z |||||
200 1 _aДробящее и сейсмическое действие взрыва в горных породах
_fВ.Н. Мосинец
210 _aМосква
_cНедра
_d1976
215 _a271 с.
_cил.
_d22
320 _aПредм. указ.: с. 265-267
320 _aСписок лит.: с. 260-262 (52 назв.)
606 _aГорные породы
_xРазрушение при взрывании
_2psbo
700 1 _aМосинец
_bВ.Н.
_gВладимир Николаевич
801 0 _aRU
_bNLR
_gpsbo
801 1 _aRU
_bELAR
_2rusmarc
852 _aNLR
_j77-5/1308
942 _cBOOK
980 _aNB